02023nam a2200253 i 4500003000900000005001700009007000300026008004100029020001800070040003000088082001400118110005900132245007000191264003700261300002900298336002700327337003400354338002800388500002200416504003100438520121600469650003001685710005401715DO-SdBNP20250611073819.0ta240820s2022 dr 000 j spa d a9789945621327 aDO-SdBNPbspacBNPHUerda 222bR426g1 aRepública Dominicana.bMinisterio de Salud Pública10aGuía nacional para la atención de la coinfección TB y VIH / 1aSanto Domingo :bMspas,c[2022]. a113 páginas, c21 cm. 2rdacontentatextobtxt 2rdamediaasin mediación bn 2rdacarrieravolumenbnc aLibro en espiral. aBibliografía p: 102-105. aLa pandemia de la infección por el VIH representa un importante desafío para el control de la tuberculosis (TB) a nivel nacional, constituyó el 26% de los casos registrados con resultados de prueba de VIH (852/3749) en el 2019. Al mismo tiempo la tuberculosis fue una de las principales causas de muertes en personas viviendo con VIH, 50% (131/260) en el mismo periodo; esto atribuido a demoras en el diagnóstico en personas coinfectadas TB/VIH. Para el 2018 la Organización Mundial de la Salud (OMS) estimó que a nivel mundial 10 millones de personas enfermaron de tuberculosis (TB), de los cuales 1.5 fallecieron a causa de la enfermedad y dentro de estas 251,000 eran personas viviendo con VIH. La TB es la causa principal de muerte en personas con VIH30 . La coinfección TB/VIH es un problema de salud pública a nivel mundial, siendo el Caribe una de las áreas de mayor incidencia y prevalencia de casos en la Región de las Américas. Estandarizar y unificar los lineamientos sobre prevención, diagnóstico y tratamiento de la coinfección TB/VIH de manera integral y coordinada entre los programas de control de la tuberculosis y control de VIH, basados en evidencia científica. 4aTuberculosisxTratamiento1 aMinisterio de Salud Pública y Asistencia Social